An Analytical Study on the Biblical Roles of Pastors and Deacons With The Actual Roles Played By The Pastors and Deacons Under Evangelical Baptist Convention With Suggestions To Help Them For The Overall Growth of the Church | (Record no. 8001)

MARC details
000 -LEADER
fixed length control field 00724nam a22001697a 4500
003 - CONTROL NUMBER IDENTIFIER
control field GBCCL
005 - DATE AND TIME OF LATEST TRANSACTION
control field 20241126110641.0
008 - FIXED-LENGTH DATA ELEMENTS--GENERAL INFORMATION
fixed length control field 181123b ||||| |||| 00| 0 eng d
040 ## - CATALOGING SOURCE
Transcribing agency GBC
082 ## - DEWEY DECIMAL CLASSIFICATION NUMBER
Classification number ARC GBC-2016
Item number VUN
100 ## - MAIN ENTRY--PERSONAL NAME
Personal name Vunggoulian, K
9 (RLIN) 13970
245 ## - TITLE STATEMENT
Title An Analytical Study on the Biblical Roles of Pastors and Deacons With The Actual Roles Played By The Pastors and Deacons Under Evangelical Baptist Convention With Suggestions To Help Them For The Overall Growth of the Church |
Statement of responsibility, etc. K. Vunggoulian
260 ## - PUBLICATION, DISTRIBUTION, ETC.
Place of publication, distribution, etc. New Lamka:
Name of publisher, distributor, etc. Grace Bible College,
Date of publication, distribution, etc. 2016
300 ## - PHYSICAL DESCRIPTION
Extent viii + 65 p.;
Dimensions 21 x 29 cm.
650 ## - SUBJECT ADDED ENTRY--TOPICAL TERM
Topical term or geographic name entry element Ministry
Form subdivision Role of Pastors
-- Role of Deacons
General subdivision Evangelical Baptist Convention
9 (RLIN) 13971
942 ## - ADDED ENTRY ELEMENTS (KOHA)
Source of classification or shelving scheme Dewey Decimal Classification
Koha item type Thesis
Holdings
Withdrawn status Lost status Source of classification or shelving scheme Damaged status Not for loan Home library Current Library Shelving location Date acquired Total checkouts Full call number Barcode Date last seen Copy number Price effective from Koha item type
    Dewey Decimal Classification     GRACE BIBLE COLLEGE GRACE BIBLE COLLEGE Archives 2018-11-23   ARC GBC-2016 VUN 025132 2025-05-01 c.1 2018-11-23 Thesis
© Grace Bible College Library 2025